Εκπαίδευση και πολιτική οικονομία : αρχές εκπαιδευτικής πολιτικής στους A.Smith, J.Mill και A.Marshall
Αποθηκεύτηκε σε:
| Κύριος συγγραφέας: | |
|---|---|
| Μορφή: | Βιβλίο |
| Γλώσσα: | Greek |
| Δημοσίευση: |
Αθήνα :
Ίδρυμα Σάκη Καράγιωργα,
1994.
|
| Σειρά: | Επιστημονική βιβλιοθήκη (Ίδρυμα Σάκη Καράγιωργα)
v.3 |
| Θέματα: | |
| Ετικέτες: |
Προσθήκη ετικέτας
Δεν υπάρχουν, Καταχωρήστε ετικέτα πρώτοι!
|
MARC
| LEADER | 00000cam a2200000 i 4500 | ||
|---|---|---|---|
| 001 | 1/65206 | ||
| 008 | 980820s1994 gr | ||| |||| ||gre|| | ||
| 020 | |a 9607087062 | ||
| 035 | |l 10029585 | ||
| 040 | |a GR-MY-UA |b gre |e aacr | ||
| 041 | 0 | |a gre | |
| 082 | 7 | |a 379.09 |2 (22) | |
| 100 | 1 | |a Γράβαρης, Διονύσης Ν. | |
| 245 | 1 | 0 | |a Εκπαίδευση και πολιτική οικονομία : |b αρχές εκπαιδευτικής πολιτικής στους A.Smith, J.Mill και A.Marshall / |c Διονύσης Ν. Γράβαρης. |
| 260 | |a Αθήνα : |b Ίδρυμα Σάκη Καράγιωργα, |c 1994. | ||
| 300 | |a 124 σ. ; |c 24 εκ. | ||
| 490 | 1 | |a (Επιστημονική Βιβλιοθήκη / Ίδρυμα Σάκη Καράγιωργα ; |v vol.3) | |
| 504 | |a Περιλαμβάνει βιβλιογραφικές παραπομπές. | ||
| 504 | |a Βιβλιογραφία : σ. [123]-124. | ||
| 600 | 1 | 0 | |a Marshall, Alfred, |d 1842-1924. |
| 600 | 1 | 0 | |a Mill, John Stuart, |d 1806-1873. |
| 600 | 1 | 0 | |a Smith, Adam, |d 1723-1790. |
| 650 | 0 | 0 | |a Education and state |x History. |
| 830 | 0 | |a Επιστημονική βιβλιοθήκη (Ίδρυμα Σάκη Καράγιωργα) |v v.3 | |
| 852 | |a INST |b CHIOS |e 19990316 |h 379.09 ΓΡΑ |p 005200014579 |q 005200014579 |t BK |y 0 | ||
| 852 | |a INST |b CHIOS |e 19980820 |h 379.09 ΓΡΑ |p 005200016000 |q 005200016000 |t BK |y 0 | ||
| 901 | |a BIBL-1998-2 | ||
| 922 | |a 2ΕΛΗ |b 199806 |c ΖΑΧΑΡΑΤΟΣ |d EMVΑSIS | ||
| 922 | |a 2ΕΛΗ |b 199903 |c ΜΕΤΑΠΤΥΧΙΑΚΟ ΤΟΥΡΙΣΜΟΥ | ||
| 970 | |z 1998/08 | ||